[Event "Hannover-ch U18"]
[Site "Lehrte"]
[Date "2013.10.20"]
[Round "7"]
[White "Dorn, Sylvain"]
[Black "Seidenstuecker, Hans Lennart"]
[Result "1/2-1/2"]
[WhiteElo "1368"]
[BlackElo "1211"]
[PlyCount "50"]
[EventDate "2013.10.20"]
[EventType "tourn"]
[EventRounds "7"]
[EventCountry "GER"]
[SourceTitle "EXT 2021"]
[Source "ChessBase"]
[SourceDate "2020.10.23"]
[SourceVersion "1"]
[SourceVersionDate "2020.10.23"]
[SourceQuality "1"]

1. e4 c5 2. Bc4 g6 3. Nf3 Bg7 4. 0-0 e6 5. d3 Ne7 6. c3 Nbc6 7. Bg5 0-0 8. Re1 d6 9. Qd2 Re8 10. Bh6 d5 11. Bb5 a6 12. Bxc6 Nxc6 13. Na3 b5 14. Nc2 Bb7 15. a3 dxe4 16. dxe4 Qxd2 17. Bxd2 Red8 18. Rab1 Na5 19. Bf4 Nc4 20. h3 Rd7 21. Re2 Rad8 22. Ree1 Rd3 23. h4 h6 24. Bc7 R8d7 25. Bg3 Kh7 1/2-1/2

[Event "Niedersachsen-ch U16"]
[Site "Rotenburg"]
[Date "2013.03.28"]
[Round "8"]
[White "Schlichter, Lisa"]
[Black "Dorn, Sylvain"]
[Result "1-0"]
[WhiteElo "1677"]
[BlackElo "1417"]
[PlyCount "77"]
[EventDate "2013.03.23"]
[EventType "swiss"]
[EventRounds "9"]
[EventCountry "GER"]
[SourceTitle "EXT 2015"]
[Source "ChessBase"]
[SourceDate "2014.11.20"]
[SourceVersion "1"]
[SourceVersionDate "2014.11.20"]
[SourceQuality "1"]

1. e4 e5 2. Nf3 Nc6 3. Nc3 Nf6 4. d4 exd4 5. Nxd4 Bb4 6. Nxc6 bxc6 7. Bd3 Bxc3+ 8. bxc3 0-0 9. 0-0 d6 10. Bg5 Re8 11. Qf3 Re5 12. Bxf6 Qxf6 13. Qxf6 gxf6 14. Rab1 Rg5 15. Rfe1 Rc5 16. Rb3 a5 17. Reb1 Bd7 18. Ra3 Ra7 19. Kf1 Kg7 20. Ke2 Rh5 21. h3 Re5 22. Kd2 Rc5 23. Ra4 h5 24. h4 Kh6 25. a3 Kg7 26. Rd4 Kf8 27. Be2 Ke7 28. Rb8 Bg4 29. f3 Be6 30. g4 hxg4 31. fxg4 Ba2 32. c4 d5 33. cxd5 cxd5 34. exd5 Bxd5 35. h5 Ra8 36. Rxa8 Bxa8 37. h6 Rd5 38. Rxd5 Bxd5 39. h7 1-0

[Event "Niedersachsen-ch U16"]
[Site "Rotenburg"]
[Date "2013.03.27"]
[Round "6"]
[White "Dorn, Sylvain"]
[Black "Nuerenberg, Marius"]
[Result "0-1"]
[WhiteElo "1417"]
[BlackElo "1616"]
[PlyCount "108"]
[EventDate "2013.03.23"]
[EventType "swiss"]
[EventRounds "9"]
[EventCountry "GER"]
[SourceTitle "EXT 2015"]
[Source "ChessBase"]
[SourceDate "2014.11.20"]
[SourceVersion "1"]
[SourceVersionDate "2014.11.20"]
[SourceQuality "1"]

1. f4 Nf6 2. e3 e6 3. Nf3 d5 4. b3 c5 5. Bb2 Be7 6. Bb5+ Bd7 7. Bxd7+ Qxd7 8. 0-0 Nc6 9. a3 0-0 10. d3 Ng4 11. Qe1 c4 12. Qg3 Bf6 13. Bxf6 Nxf6 14. bxc4 dxc4 15. d4 Ne4 16. Qe1 Qd5 17. c3 Na5 18. Nfd2 Nb3 19. Nxb3 cxb3 20. a4 Rfc8 21. Ra3 Qc4 22. h3 b6 23. Kh2 h6 24. Kg1 a6 25. Kh2 b5 26. a5 Nxc3 27. Nd2 Qb4 28. Rxb3 Qxa5 29. Nb1 b4 30. Rf2 Nxb1 31. Qxb1 Rab8 32. Ra2 Qb5 33. Qa1 Rc6 34. Ra5 Qb7 35. Qb2 Rb6 36. Qb1 Rb5 37. Qa2 Rxa5 38. Qxa5 Qb5 39. Qa2 a5 40. Qc2 a4 41. Rb1 b3 42. Qf2 a3 43. f5 Qxf5 44. Qg3 Qxb1 45. Qxb8+ Kh7 46. Qb7 a2 47. Qxf7 a1Q 48. Qxe6 Qg1+ 49. Kg3 Qae1+ 50. Kf4 Qexe3+ 51. Qxe3 Qxe3+ 52. Kxe3 b2 53. d5 b1Q 54. d6 Qd1 0-1

[Event "Hannover-ch U16/18"]
[Site "Lehrte"]
[Date "2012.10.23"]
[Round "2"]
[White "Dorn, Sylvain"]
[Black "Bulmahn, Aaron Aime"]
[Result "1-0"]
[WhiteElo "1361"]
[BlackElo "1040"]
[PlyCount "39"]
[EventDate "2012.10.23"]
[EventType "swiss"]
[EventRounds "7"]
[EventCountry "GER"]
[SourceTitle "EXT 2021"]
[Source "ChessBase"]
[SourceDate "2020.10.23"]
[SourceVersion "1"]
[SourceVersionDate "2020.10.23"]
[SourceQuality "1"]

1. e4 e5 2. Bc4 Nc6 3. Nf3 Bc5 4. Nc3 Nf6 5. d3 d6 6. 0-0 Bg4 7. h3 Bh5 8. a3 Nd4 9. b4 Nxf3+ 10. gxf3 Bd4 11. Bb2 0-0 12. Rb1 a6 13. Kh2 h6 14. Rg1 Kh8 15. Rg2 Bg6 16. Qd2 c6 17. Rbg1 Nh5 18. Bxf7 Bxf7 19. Rxg7 Nxg7 20. Qxh6+ 1-0

[Event "Hannover-ch U16/18"]
[Site "Lehrte"]
[Date "2011.10.15"]
[Round "1"]
[White "Dorn, Sylvain"]
[Black "Baghdasaryan, Ani"]
[Result "1-0"]
[WhiteElo "1075"]
[BlackElo "1441"]
[PlyCount "117"]
[EventDate "2011.10.15"]
[EventType "swiss"]
[EventRounds "7"]
[EventCountry "GER"]
[SourceTitle "EXT 2021"]
[Source "ChessBase"]
[SourceDate "2020.10.23"]
[SourceVersion "1"]
[SourceVersionDate "2020.10.23"]
[SourceQuality "1"]

1. e4 c5 2. Bc4 d6 3. Nf3 g6 4. 0-0 Bg7 5. c3 Nf6 6. d3 Bg4 7. Nbd2 0-0 8. Qb3 Qb6 9. h3 Qxb3 10. Bxb3 Bxf3 11. Nxf3 b5 12. a3 a5 13. Bd2 e6 14. Rfe1 Nfd7 15. Bf4 e5 16. Bd5 Ra7 17. Be3 Nb6 18. b4 Nxd5 19. exd5 e4 20. bxc5 Bxc3 21. cxd6 Rd7 22. dxe4 Bxa1 23. Rxa1 Re8 24. e5 Rc8 25. Rb1 Na6 26. Rxb5 a4 27. Ra5 Nb8 28. Rxa4 f6 29. Ra8 fxe5 30. Nxe5 Rdd8 31. d7 Nxd7 32. Rxc8 Rxc8 33. Nxd7 Kf7 34. a4 Rc3 35. a5 Ra3 36. Ne5+ Kf6 37. Bd4 Kf5 38. d6 Rxa5 39. d7 Rd5 40. Bb6 Rd1+ 41. Kh2 Kxe5 42. d8Q Rxd8 43. Bxd8 Kf4 44. Bc7+ Kf5 45. g4+ Kf6 46. Kg3 h6 47. f4 Ke6 48. g5 h5 49. Ba5 Kf5 50. Be1 Ke4 51. Bf2 h4+ 52. Kg4 Kd5 53. f5 gxf5+ 54. Kxf5 Kd6 55. Kf6 Kd7 56. Kf7 Kd6 57. g6 Ke5 58. g7 Kf4 59. g8Q 1-0